[Event "FIN-chT2 Gp3 1718"]
[Site "Finland"]
[Date "2017.10.22"]
[Round "3.4"]
[White "Erkelenz, Ralf"]
[Black "Eriksson, Tom"]
[Result "1-0"]
[WhiteElo "2024"]
[BlackElo "1983"]
[PlyCount "79"]
[EventDate "2017.09.16"]
[EventType "team-tourn"]
[EventRounds "7"]
[EventCountry "FIN"]
[SourceTitle "EXT 2020"]
[Source "ChessBase"]
[SourceDate "2019.10.17"]
[SourceVersion "1"]
[SourceVersionDate "2019.10.17"]
[SourceQuality "1"]
[WhiteTeam "Pori PSY"]
[BlackTeam "Turku AS"]
[WhiteTeamCountry "FIN"]
[BlackTeamCountry "FIN"]

1. e4 c5 2. c3 d6 3. d4 cxd4 4. cxd4 g6 5. Nc3 Bg7 6. Bb5+ Bd7 7. Bxd7+ Qxd7 8. Nge2 Nf6 9. 0-0 0-0 10. Bg5 h6 11. Bf4 a6 12. Qd2 Kh7 13. Rfd1 Nc6 14. Rac1 Rad8 15. d5 Na7 16. f3 Rc8 17. Be3 b5 18. a3 Qb7 19. Nd4 Nd7 20. Nce2 Ne5 21. b3 Rxc1 22. Rxc1 Rc8 23. Rc2 h5 24. h3 Nd7 25. Qc1 Rxc2 26. Qxc2 Nc5 27. b4 Na4 28. Nc6 Nc8 29. Nd8 Qd7 30. Nxf7 Nab6 31. Ng5+ Kg8 32. Ne6 Nc4 33. Bc1 Qa7+ 34. Kh2 Qf2 35. Nxg7 Kxg7 36. Qc3+ Kf7 37. Nd4 h4 38. Ne6 Qg3+ 39. Kg1 Ne5 40. Bf4 1-0

[Event "FIN-chT2 Gp4 1617"]
[Site "Finland"]
[Date "2016.12.10"]
[Round "5.3"]
[White "Viinamaki, Markku"]
[Black "Erkelenz, Ralf"]
[Result "1-0"]
[WhiteElo "1942"]
[BlackElo "2049"]
[PlyCount "101"]
[EventDate "2016.09.17"]
[EventType "team-tourn"]
[EventRounds "7"]
[EventCountry "FIN"]
[SourceTitle "EXT 2019"]
[Source "ChessBase"]
[SourceDate "2018.10.10"]
[SourceVersion "1"]
[SourceVersionDate "2018.10.10"]
[SourceQuality "1"]
[WhiteTeam "Kankaanpaa SK"]
[BlackTeam "Pori PSY"]
[WhiteTeamCountry "FIN"]
[BlackTeamCountry "FIN"]

1. e4 b6 2. g3 Bb7 3. Bg2 g6 4. Nc3 Bg7 5. Nge2 d6 6. d3 e6 7. 0-0 Ne7 8. Be3 Qd7 9. Qd2 h5 10. h4 Nbc6 11. f4 f5 12. Kh2 Ng8 13. Rab1 Nf6 14. Bg1 Ng4+ 15. Kh1 Ne7 16. b4 e5 17. Nd5 Nxd5 18. exd5 Bf6 19. c4 Qe7 20. Qe1 0-0 21. fxe5 dxe5 22. d4 Rae8 23. dxe5 Nxe5 24. Nf4 Bc8 25. c5 Qg7 26. Qd1 Ng4 27. Re1 Be5 28. Qf3 Qf6 29. Rbc1 Re7 30. cxb6 axb6 31. Rc6 Bd6 32. Rxe7 Qxe7 33. Nxg6 Qe1 34. Nxf8 Bxg3 35. Qf1 Qxf1 36. Bxf1 Kxf8 37. Rc3 Be5 38. Rc2 Ke7 39. Bxb6 Bb7 40. Bc5+ Kf6 41. Bg2 f4 42. Rd2 Ne3 43. Bf3 Kf5 44. Kg1 Bc3 45. Rd3 Be1 46. Be7 Ng4 47. d6 Bf2+ 48. Kg2 Bxf3+ 49. Rxf3 cxd6 50. Rxf2 Nxf2 51. Kxf2 1-0

[Event "FIN-chT1A 1516"]
[Site "Finland"]
[Date "2016.02.06"]
[Round "6.3"]
[White "Erkelenz, Ralf"]
[Black "Iivonen, Markku"]
[Result "1/2-1/2"]
[WhiteElo "2070"]
[BlackElo "2051"]
[PlyCount "48"]
[EventDate "2015.09.12"]
[EventType "team-tourn"]
[EventRounds "8"]
[EventCountry "FIN"]
[SourceTitle "EXT 2017"]
[Source "ChessBase"]
[SourceDate "2016.10.25"]
[SourceVersion "1"]
[SourceVersionDate "2016.10.25"]
[SourceQuality "1"]
[WhiteTeam "Pori PSY"]
[BlackTeam "Tampere Tammer II"]
[WhiteTeamCountry "FIN"]
[BlackTeamCountry "FIN"]

1. e4 e6 2. d4 d5 3. Nd2 Nc6 4. exd5 exd5 5. Ngf3 Bd6 6. c3 Nge7 7. Bd3 0-0 8. 0-0 Bf5 9. Qc2 Qd7 10. b4 Bxd3 11. Qxd3 Ng6 12. Nb3 b6 13. a4 a5 14. b5 Nd8 15. Re1 Nb7 16. Be3 Rae8 17. c4 dxc4 18. Qxc4 Qg4 19. Nbd2 Nd8 20. h3 Qf5 21. Qb3 Ne6 22. Nf1 Nef4 23. Bxf4 Nxf4 24. Ng3 Qd5 1/2-1/2

[Event "FIN-chT1A 1516"]
[Site "Finland"]
[Date "2015.10.11"]
[Round "4.4"]
[White "Linqvist, Grels"]
[Black "Erkelenz, Ralf"]
[Result "1-0"]
[WhiteElo "2014"]
[BlackElo "2070"]
[PlyCount "47"]
[EventDate "2015.09.12"]
[EventType "team-tourn"]
[EventRounds "8"]
[EventCountry "FIN"]
[SourceTitle "EXT 2017"]
[Source "ChessBase"]
[SourceDate "2016.10.25"]
[SourceVersion "1"]
[SourceVersionDate "2016.10.25"]
[SourceQuality "1"]
[WhiteTeam "Vaasa VSS"]
[BlackTeam "Pori PSY"]
[WhiteTeamCountry "FIN"]
[BlackTeamCountry "FIN"]

1. c4 b6 2. Nf3 Bb7 3. g3 g6 4. Bg2 Bg7 5. Nc3 e6 6. 0-0 Ne7 7. d4 d6 8. Bf4 0-0 9. Qd2 Re8 10. Rad1 Nd7 11. Rfe1 f6 12. e4 e5 13. dxe5 fxe5 14. Bg5 Nf6 15. Nd5 Rf8 16. Nxf6+ Bxf6 17. Bxf6 Rxf6 18. Nxe5 Qc8 19. Nd3 Rf7 20. Nf4 Qg4 21. Bh3 Qg5 22. Be6 Raf8 23. Nd5 Qe5 24. Nxe7+ 1-0

[Event "FIN-chT1A 1516"]
[Site "Finland"]
[Date "2015.09.12"]
[Round "1.4"]
[White "Erkelenz, Ralf"]
[Black "Mustonen, Ilkka"]
[Result "1/2-1/2"]
[WhiteElo "2070"]
[BlackElo "2036"]
[PlyCount "70"]
[EventDate "2015.09.12"]
[EventType "team-tourn"]
[EventRounds "8"]
[EventCountry "FIN"]
[SourceTitle "EXT 2017"]
[Source "ChessBase"]
[SourceDate "2016.10.25"]
[SourceVersion "1"]
[SourceVersionDate "2016.10.25"]
[SourceQuality "1"]
[WhiteTeam "Pori PSY"]
[BlackTeam "Helsinki HSK II"]
[WhiteTeamCountry "FIN"]
[BlackTeamCountry "FIN"]

1. e4 c5 2. c3 g6 3. d4 cxd4 4. cxd4 d5 5. exd5 Bg7 6. Nf3 Nf6 7. Bb5+ Nbd7 8. Nc3 0-0 9. 0-0 Nb6 10. h3 Nbxd5 11. Qb3 h6 12. Ne5 Be6 13. Nxd5 Bxd5 14. Bc4 Rc8 15. Be3 Bxc4 16. Nxc4 Qd5 17. Rac1 Kh7 18. Qd3 Rfd8 19. Rfd1 Ne4 20. Qe2 b5 21. Ne5 Rxc1 22. Rxc1 a6 23. a4 Bxe5 24. dxe5 Qxe5 25. axb5 Qxb5 26. Qf3 f5 27. Qf4 g5 28. Qc7 Qd7 29. Qe5 Kg6 30. Rc7 Qd1+ 31. Kh2 Qd6 32. Rxe7 Qxe5+ 33. Rxe5 Rd6 34. Ra5 f4 35. Bc5 Rc6 1/2-1/2

[Event "FIN-chT1A 1415"]
[Site "Finland"]
[Date "2014.11.16"]
[Round "4.4"]
[White "Olander, Aleksi"]
[Black "Erkelenz, Ralf"]
[Result "1/2-1/2"]
[WhiteElo "2054"]
[BlackElo "2070"]
[PlyCount "80"]
[EventDate "2014.09.27"]
[EventType "team-tourn"]
[EventRounds "7"]
[EventCountry "FIN"]
[SourceTitle "EXT 2017"]
[Source "ChessBase"]
[SourceDate "2016.10.25"]
[SourceVersion "1"]
[SourceVersionDate "2016.10.25"]
[SourceQuality "1"]
[WhiteTeam "Turku TuTS II"]
[BlackTeam "Pori PSY"]
[WhiteTeamCountry "FIN"]
[BlackTeamCountry "FIN"]

1. d4 Nf6 2. c4 e6 3. g3 d6 4. Bg2 Be7 5. Nc3 0-0 6. e4 c6 7. f4 b6 8. Nge2 Ne8 9. 0-0 f5 10. exf5 exf5 11. Nd5 Nf6 12. Nxe7+ Qxe7 13. Nc3 a6 14. Re1 Qf7 15. Qb3 Nfd7 16. Nd5 Kh8 17. Re7 Qh5 18. Bf3 Qg6 19. Nxb6 Nxb6 20. Qxb6 Qf6 21. Re2 Nd7 22. Qxc6 Rb8 23. Kg2 Qxd4 24. Rd2 Qa7 25. Qxd6 Re8 26. Qd4 Qc7 27. b3 Nf6 28. Qd6 Qa7 29. Bb2 Ne4 30. Bxe4 fxe4 31. Bd4 Qf7 32. Be3 Bg4 33. c5 Qh5 34. Qxa6 Rbd8 35. Rf2 Bh3+ 36. Kg1 Rd1+ 37. Rxd1 Qxd1+ 38. Rf1 Qc2 39. Rf2 Qd1+ 40. Rf1 Qc2 1/2-1/2

[Event "Pori We PSY"]
[Site "Pori"]
[Date "2014.10.12"]
[Round "4"]
[White "Erkelenz, Ralf"]
[Black "Olander, Aleksi"]
[Result "1/2-1/2"]
[WhiteElo "1965"]
[BlackElo "2100"]
[PlyCount "154"]
[EventDate "2014.10.11"]
[EventType "swiss"]
[EventRounds "5"]
[EventCountry "FIN"]
[SourceTitle "EXT 2022"]
[Source "ChessBase"]
[SourceDate "2021.10.06"]
[SourceVersion "1"]
[SourceVersionDate "2021.10.06"]
[SourceQuality "1"]

1. e4 c5 2. c3 Nf6 3. e5 Nd5 4. d4 cxd4 5. Qxd4 e6 6. Bc4 Nb6 7. Bb3 Qc7 8. Nf3 Nc6 9. Qe4 Na5 10. 0-0 Nac4 11. Nbd2 Nxd2 12. Bxd2 d6 13. exd6 Bxd6 14. Rfe1 Bd7 15. Ne5 Bxe5 16. Qxe5 Qxe5 17. Rxe5 Bc6 18. Be3 Nd7 19. Rg5 Rg8 20. Rh5 h6 21. Re1 b6 22. Bd4 0-0-0 23. f4 Nf6 24. Rhe5 Nd7 25. R5e3 g6 26. R3e2 Nb8 27. Bf6 Rd7 28. Bc2 Bb5 29. Rf2 Nc6 30. Rd1 Nb8 31. Rfd2 Rxd2 32. Rxd2 Nd7 33. Bh4 Re8 34. a4 Bc6 35. Bb3 Nc5 36. Ba2 Nxa4 37. Bb1 Nc5 38. Re2 Bd5 39. b4 Na4 40. Bd3 Kb7 41. c4 Bc6 42. b5 Bd7 43. Be4+ Kb8 44. Bf6 Nc5 45. Bf3 a6 46. bxa6 Rc8 47. Rd2 Bc6 48. Bxc6 Rxc6 49. Rd8+ Ka7 50. Rf8 Rc7 51. g4 Kxa6 52. Be5 Rd7 53. Ra8+ Kb7 54. Rb8+ Ka7 55. Rf8 Nd3 56. Bb8+ Kb7 57. Kg2 Nb2 58. f5 exf5 59. gxf5 gxf5 60. Bf4 Nxc4 61. Bxh6 Ne5 62. Bg5 Ng6 63. Rg8 Rd4 64. Bf6 Rg4+ 65. Kf1 b5 66. Rg7 b4 67. Rxf7+ Kc6 68. Bb2 Nh4 69. Rh7 Kd5 70. Bf6 Ng6 71. h4 b3 72. h5 Ne5 73. Rb7 Rf4+ 74. Kg2 Ng4 75. Bg7 Rf2+ 76. Kg3 Rh2 77. Rxb3 Rxh5 1/2-1/2

[Event "FIN-chT1 West 1314"]
[Site "Finland"]
[Date "2014.03.08"]
[Round "7.4"]
[White "Alkkiomaki, Jyrki"]
[Black "Erkelenz, Ralf"]
[Result "0-1"]
[WhiteElo "1958"]
[BlackElo "2090"]
[PlyCount "60"]
[EventDate "2013.09.21"]
[EventType "team-tourn"]
[EventRounds "9"]
[EventCountry "FIN"]
[SourceTitle "EXT 2022"]
[Source "ChessBase"]
[SourceDate "2021.10.06"]
[SourceVersion "1"]
[SourceVersionDate "2021.10.06"]
[SourceQuality "1"]
[WhiteTeam "Turku SY"]
[BlackTeam "Pori PSY"]
[WhiteTeamCountry "FIN"]
[BlackTeamCountry "FIN"]

1. e4 e6 2. d4 d6 3. Nf3 Ne7 4. Nc3 g6 5. Be3 Bg7 6. Qd2 h6 7. 0-0-0 c6 8. h4 h5 9. Rg1 Nd7 10. Be2 Nf6 11. Ng5 Qa5 12. Kb1 Ng4 13. Bf4 e5 14. dxe5 dxe5 15. Bg3 f6 16. Nh3 Be6 17. Qd6 Kf7 18. Qd2 b5 19. Bd3 b4 20. Na4 Qxa4 21. b3 Qa3 22. Qe2 Qa5 23. f3 Nh6 24. Bc4 Qc5 25. Bxe6+ Kxe6 26. f4 exf4 27. Nxf4+ Kf7 28. Nd3 Qb5 29. Be1 f5 30. e5 Kg8 0-1

[Event "FIN-chT1 West 1314"]
[Site "Finland"]
[Date "2013.11.02"]
[Round "3.5"]
[White "Erkelenz, Ralf"]
[Black "Hytonen, Harri"]
[Result "0-1"]
[WhiteElo "2090"]
[BlackElo "2075"]
[PlyCount "108"]
[EventDate "2013.09.21"]
[EventType "team-tourn"]
[EventRounds "9"]
[EventCountry "FIN"]
[SourceTitle "EXT 2022"]
[Source "ChessBase"]
[SourceDate "2021.10.06"]
[SourceVersion "1"]
[SourceVersionDate "2021.10.06"]
[SourceQuality "1"]
[WhiteTeam "Pori PSY"]
[BlackTeam "Helsinki I-HSK"]
[WhiteTeamCountry "FIN"]
[BlackTeamCountry "FIN"]

1. e4 c6 2. d4 d5 3. exd5 cxd5 4. Nf3 Nc6 5. c3 e6 6. Bd3 Nf6 7. 0-0 Bd6 8. Re1 Qc7 9. Qc2 Bf4 10. Nbd2 h5 11. b4 a6 12. a4 h4 13. Rb1 g5 14. b5 g4 15. bxc6 gxf3 16. Nxf3 bxc6 17. Ba3 Rg8 18. Ne5 Ng4 19. Nxg4 Rxg4 20. h3 Rg5 21. Kh1 Qd8 22. Qe2 Bb8 23. Bc1 Rg8 24. Rf1 Qd6 25. f4 Bc7 26. Rb3 Qe7 27. Bd2 Kd8 28. Be1 Qf6 29. Qh5 Rh8 30. Qf3 Qg7 31. Qe2 a5 32. Rb2 Qf6 33. Qe3 Kd7 34. Rff2 Ba6 35. Bxa6 Rxa6 36. Qd3 Raa8 37. Bd2 Rhg8 38. Rb1 Rg3 39. Qe2 Qf5 40. Rc1 Rag8 41. Kh2 Qg6 42. Kh1 Qf5 43. Kh2 Ke7 44. Re1 Qg6 45. Kh1 Qf5 46. Kh2 Rd3 47. Rd1 Rdg3 48. Kh1 Kf8 49. Kh2 Rxh3+ 50. Kg1 Rhg3 51. Bc1 h3 52. Ba3+ Ke8 53. Qa6 Kd7 54. Qa7 Rxg2+ 0-1

[Event "FIN-chT1 West 1213"]
[Site "Finland"]
[Date "2012.11.17"]
[Round "3.5"]
[White "Julkunen, Tapio"]
[Black "Erkelenz, Ralf"]
[Result "0-1"]
[WhiteElo "1922"]
[BlackElo "2068"]
[PlyCount "120"]
[EventDate "2012.09.29"]
[EventType "team-tourn"]
[EventRounds "7"]
[EventCountry "FIN"]
[SourceTitle "EXT 2019"]
[Source "ChessBase"]
[SourceDate "2018.10.10"]
[SourceVersion "1"]
[SourceVersionDate "2018.10.10"]
[SourceQuality "1"]
[WhiteTeam "Vaasa VSS"]
[BlackTeam "Pori PSY"]
[WhiteTeamCountry "FIN"]
[BlackTeamCountry "FIN"]

1. d4 d5 2. c4 e6 3. Nf3 Nf6 4. Nc3 c6 5. e3 Be7 6. Bd3 Nbd7 7. 0-0 0-0 8. Qe2 Re8 9. e4 dxe4 10. Nxe4 Nxe4 11. Bxe4 Nf8 12. Bf4 Bd6 13. Bxd6 Qxd6 14. Bc2 Bd7 15. Rfd1 Rad8 16. a3 Re7 17. Qe5 Be8 18. Qg5 Red7 19. h4 f6 20. Qe3 Bf7 21. c5 Qd5 22. Bb3 Qf5 23. Rd2 Bh5 24. Nh2 Re7 25. g4 Bxg4 26. Qg3 Bh5 27. Re1 Qg6 28. Qxg6 Bxg6 29. d5 cxd5 30. Rxd5 Rc8 31. Rd6 Bf7 32. Rc1 Rec7 33. c6 Rxc6 34. Rcxc6 Rxc6 35. Rd1 Rc8 36. Nf3 e5 37. Bxf7+ Kxf7 38. Rd2 Ke7 39. Kg2 Ne6 40. Kg3 g6 41. Re2 Rc4 42. Ne1 Nd4 43. Rd2 Nf5+ 44. Kf3 Nxh4+ 45. Kg3 Nf5+ 46. Kg2 h5 47. Nc2 Rg4+ 48. Kf1 Nd4 49. Ne1 Re4 50. Rd3 g5 51. Rc3 Kd7 52. Nd3 Ne6 53. Nb4 Rd4 54. Nc2 Rd1+ 55. Ke2 Rb1 56. b3 g4 57. Rd3+ Ke7 58. Rc3 f5 59. Ne3 Kf6 60. b4 h4 0-1

[Event "Ruhrgebiet VK1 0405"]
[Site "Ruhrgebiet"]
[Date "2005.04.10"]
[Round "9.8"]
[White "Erkelenz, Ralf"]
[Black "Hirschberg, Markus"]
[Result "1-0"]
[WhiteElo "1963"]
[BlackElo "1759"]
[PlyCount "103"]
[EventDate "2004.09.12"]
[EventType "team"]
[EventRounds "9"]
[EventCountry "GER"]
[SourceTitle "EXT 2006"]
[Source "ChessBase"]
[SourceDate "2005.11.24"]
[SourceVersion "1"]
[SourceVersionDate "2005.11.24"]
[SourceQuality "1"]
[WhiteTeam "Dortmund 1926"]
[BlackTeam "Gelsenkirchen II"]
[WhiteTeamCountry "GER"]
[BlackTeamCountry "GER"]

1. e4 e6 2. d4 d5 3. Nd2 c5 4. exd5 Qxd5 5. dxc5 Bxc5 6. Ngf3 Nf6 7. Bc4 Qd8 8. Qe2 0-0 9. Nb3 Be7 10. 0-0 Nc6 11. Bf4 Bd7 12. Rfd1 Qb6 13. c3 Rfd8 14. Nbd4 Nxd4 15. Nxd4 Qc5 16. Be5 Rac8 17. Bb3 Ne8 18. Rd3 Bf6 19. Re3 a6 20. Re1 Bb5 21. Nxb5 Qxb5 22. Qxb5 axb5 23. a3 Rd2 24. R1e2 Rcd8 25. Bg3 R8d3 26. Kf1 Kf8 27. Bc2 Rxe2 28. Rxe2 Rd5 29. Be4 Rd1+ 30. Re1 Rd2 31. Rb1 Rd7 32. Ke2 e5 33. Rd1 Rxd1 34. Kxd1 Nd6 35. Bd5 g5 36. Kc2 Ke7 37. Kb3 Kd7 38. f3 b6 39. a4 bxa4+ 40. Kxa4 h5 41. c4 h4 42. Bf2 Bd8 43. b4 f6 44. b5 Nf5 45. c5 bxc5 46. Bxc5 Bc7 47. Ba7 Ne7 48. Bb7 f5 49. b6 Bd6 50. Kb5 g4 51. fxg4 fxg4 52. Be4 1-0

[Event "Ruhrgebiet VK1 0405"]
[Site "Ruhrgebiet"]
[Date "2005.01.30"]
[Round "6.8"]
[White "Parado, Dominado"]
[Black "Erkelenz, Ralf"]
[Result "1-0"]
[WhiteElo "1854"]
[BlackElo "1963"]
[PlyCount "43"]
[EventDate "2004.09.12"]
[EventType "team"]
[EventRounds "9"]
[EventCountry "GER"]
[SourceTitle "EXT 2006"]
[Source "ChessBase"]
[SourceDate "2005.11.24"]
[SourceVersion "1"]
[SourceVersionDate "2005.11.24"]
[SourceQuality "1"]
[WhiteTeam "Recklinghausen Sued"]
[BlackTeam "Dortmund 1926"]
[WhiteTeamCountry "GER"]
[BlackTeamCountry "GER"]

1. d4 d5 2. c4 e6 3. Nc3 Nf6 4. cxd5 exd5 5. Bg5 Nbd7 6. e3 c6 7. Bd3 Bd6 8. Qc2 Qa5 9. Nge2 0-0 10. 0-0-0 Re8 11. Kb1 Ne4 12. Bh4 Nf8 13. Bxe4 dxe4 14. d5 c5 15. Nxe4 Bf5 16. Nf6+ gxf6 17. Qxf5 Ng6 18. Bxf6 Be5 19. h4 Qb5 20. Nc3 Bxc3 21. Bxc3 Qxb2+ 22. Bxb2 1-0

[Event "Ruhrgebiet playoff 0304"]
[Site "Ruhrgebiet"]
[Date "2004.05.16"]
[Round "1.8"]
[White "Erkelenz, Ralf"]
[Black "Stuhrmann, Bjoern"]
[Result "1-0"]
[WhiteElo "1952"]
[BlackElo "1650"]
[PlyCount "55"]
[EventDate "2004.05.16"]
[EventType "team"]
[EventRounds "3"]
[EventCountry "GER"]
[SourceTitle "EXT 2006"]
[Source "ChessBase"]
[SourceDate "2005.11.24"]
[SourceVersion "1"]
[SourceVersionDate "2005.11.24"]
[SourceQuality "1"]
[WhiteTeam "Dortmund"]
[BlackTeam "Holsterhausen II"]
[WhiteTeamCountry "GER"]
[BlackTeamCountry "GER"]

1. e4 e5 2. Nf3 Nc6 3. Bc4 Bc5 4. c3 d6 5. d4 exd4 6. cxd4 Bb4+ 7. Kf1 Bd7 8. Bg5 f6 9. Be3 Qe7 10. Qb3 d5 11. Bxd5 Na5 12. Qc2 Bb5+ 13. Kg1 c6 14. Bxg8 Rxg8 15. a3 Bd6 16. Nbd2 b6 17. b4 Nb7 18. a4 Be2 19. Qxc6+ Kf8 20. e5 Bxb4 21. exf6 gxf6 22. Bh6+ Kf7 23. Qd5+ Kg6 24. Nh4+ Kxh6 25. Nf5+ Kh5 26. Nxe7+ Rg5 27. Qf7+ Kh6 28. Qxf6+ 1-0

[Event "Dortmund ABC Champions 18th"]
[Site "Dortmund"]
[Date "2002.11.06"]
[Round "5"]
[White "Tverskoi, Alexandre"]
[Black "Erkelenz, Ralf"]
[Result "0-1"]
[WhiteElo "1827"]
[BlackElo "1921"]
[PlyCount "56"]
[EventDate "2002.10.11"]
[EventType "tourn"]
[EventRounds "9"]
[EventCountry "GER"]
[SourceTitle "EXT 2004"]
[Source "ChessBase"]
[SourceDate "2003.11.25"]
[SourceVersion "1"]
[SourceVersionDate "2003.11.25"]
[SourceQuality "1"]

1. e4 e6 2. d4 d5 3. e5 c5 4. c3 Nc6 5. Nf3 Qb6 6. b3 cxd4 7. cxd4 Bb4+ 8. Bd2 Nxd4 9. Bxb4 Nxf3+ 10. Qxf3 Qxb4+ 11. Nd2 Qd4 12. Rc1 Qxe5+ 13. Be2 Nf6 14. 0-0 0-0 15. h4 Qd4 16. Rfd1 Qxh4 17. Rc7 e5 18. g3 Qg5 19. Qc3 Qf5 20. Nf3 e4 21. Ne5 Rb8 22. Rc1 Be6 23. Qd4 h5 24. Re7 Ne8 25. Qxa7 Qxe5 26. Bxh5 Rd8 27. Be2 Qg5 28. Qc5 Rc8 0-1

[Event "Dortmund ABC Champions 18th"]
[Site "Dortmund"]
[Date "2002.10.11"]
[Round "1"]
[White "Jost, Udo"]
[Black "Erkelenz, Ralf"]
[Result "1-0"]
[WhiteElo "1921"]
[BlackElo "1921"]
[PlyCount "45"]
[EventDate "2002.10.11"]
[EventType "tourn"]
[EventRounds "9"]
[EventCountry "GER"]
[SourceTitle "EXT 2004"]
[Source "ChessBase"]
[SourceDate "2003.11.25"]
[SourceVersion "1"]
[SourceVersionDate "2003.11.25"]
[SourceQuality "1"]

1. e4 e6 2. d4 d5 3. e5 c5 4. c3 Nc6 5. Nf3 Qb6 6. a3 Nh6 7. Bd3 Bd7 8. Bc2 cxd4 9. cxd4 Nf5 10. Bxf5 exf5 11. Nc3 Qa6 12. Nxd5 0-0-0 13. Bd2 Kb8 14. Nb4 Bxb4 15. axb4 Qb5 16. Qe2 Qb6 17. 0-0 a6 18. b5 Qxb5 19. Qxb5 axb5 20. d5 Ne7 21. e6 Bc8 22. Bf4+ Rd6 23. Bxd6# 1-0

[Event "Dortmund4"]
[Site "Dortmund"]
[Date "2002.05.03"]
[Round "5"]
[White "Erkelenz, Ralf"]
[Black "Romczik, Detlef"]
[Result "0-1"]
[WhiteElo "1946"]
[BlackElo "2023"]
[PlyCount "132"]
[EventDate "2002.04.12"]
[EventType "tourn"]
[EventRounds "11"]
[EventCountry "GER"]
[SourceTitle "EXT 2007"]
[Source "ChessBase"]
[SourceDate "2006.11.23"]
[SourceVersion "1"]
[SourceVersionDate "2006.11.23"]
[SourceQuality "1"]

1. e4 g6 2. d4 Bg7 3. Nf3 d6 4. Nc3 c6 5. Be2 Nd7 6. 0-0 e5 7. dxe5 dxe5 8. Qd6 Qe7 9. Rd1 Qxd6 10. Rxd6 Ngf6 11. Bg5 0-0 12. Rad1 Re8 13. a4 h6 14. Be3 Bf8 15. R6d2 Nc5 16. Rd8 Bg4 17. Rxa8 Rxa8 18. h3 Bxf3 19. gxf3 Kg7 20. Bc4 b6 21. b4 Nb7 22. Ba6 Rb8 23. b5 cxb5 24. Bxb5 Rc8 25. Nd5 Rxc2 26. Nxf6 Kxf6 27. Rd7 Nd6 28. Bf1 Nc4 29. Bxc4 Rxc4 30. Rxa7 Bc5 31. Bxc5 bxc5 32. Ra6+ Kg5 33. a5 Ra4 34. Ra8 Kf4 35. Kg2 Ra3 36. Ra7 f5 37. exf5 gxf5 38. a6 Rxf3 39. Rc7 Ra3 40. a7 e4 41. Rxc5 Rxa7 42. Rc3 Rg7+ 43. Kf1 Rd7 44. Kg2 h5 45. Ra3 h4 46. Rb3 Ke5 47. Rb5+ Rd5 48. Rb8 Rd2 49. Rb5+ Kf6 50. Rb6+ Kg5 51. Re6 Kf4 52. Re8 Rd6 53. Rg8 e3 54. fxe3+ Kxe3 55. Rh8 Rd2+ 56. Kg1 f4 57. Rxh4 f3 58. Rh8 Rd1+ 59. Kh2 f2 60. Re8+ Kd2 61. Rd8+ Kc2 62. Rc8+ Kb3 63. Rb8+ Kc4 64. Rc8+ Kb5 65. Rb8+ Kc6 66. Rc8+ Kd7 0-1

[Event "Dortmund4"]
[Site "Dortmund"]
[Date "2002.04.17"]
[Round "2"]
[White "Ritter, Uwe"]
[Black "Erkelenz, Ralf"]
[Result "1/2-1/2"]
[WhiteElo "2000"]
[BlackElo "1946"]
[PlyCount "129"]
[EventDate "2002.04.12"]
[EventType "tourn"]
[EventRounds "11"]
[EventCountry "GER"]
[SourceTitle "EXT 2007"]
[Source "ChessBase"]
[SourceDate "2006.11.23"]
[SourceVersion "1"]
[SourceVersionDate "2006.11.23"]
[SourceQuality "1"]

1. d4 d5 2. c4 e6 3. Nf3 Nf6 4. g3 c6 5. Bg2 Nbd7 6. Qc2 Bb4+ 7. Bd2 Qe7 8. 0-0 0-0 9. Bf4 dxc4 10. Qxc4 Bd6 11. Bxd6 Qxd6 12. Nc3 e5 13. Rad1 exd4 14. Nxd4 Nb6 15. Qb3 Qe7 16. Qc2 Be6 17. e4 Rfd8 18. e5 Nfd5 19. Nxd5 Nxd5 20. a3 Bg4 21. Bf3 Bxf3 22. Nxf3 Nb6 23. h4 h6 24. Qb3 Rd5 25. Rxd5 Nxd5 26. Re1 Re8 27. Qc4 Nb6 28. Qc2 Qc7 29. b4 Nd7 30. Qe4 Re6 31. Qd4 b6 32. Rd1 Nxe5 33. Qd8+ Qxd8 34. Rxd8+ Kh7 35. Nd4 Re7 36. Rc8 Rd7 37. Nxc6 Nxc6 38. Rxc6 f6 39. Rc3 Kg6 40. Kg2 Kf5 41. Kf3 g5 42. g4+ Ke5 43. h5 f5 44. Re3+ Kf6 45. Rc3 fxg4+ 46. Kxg4 Rd8 47. f3 Ke5 48. Rc7 Rd4+ 49. Kg3 Rh4 50. Rxa7 Kd6 51. b5 Rxh5 52. Rb7 Kc5 53. a4 Rh4 54. Rc7+ Kb4 55. Ra7 Rd4 56. Ra6 Kc5 57. a5 bxa5 58. Rxa5 Rh4 59. Ra6 Kxb5 60. Rf6 Kc5 61. f4 Rxf4 62. Rxf4 gxf4+ 63. Kxf4 h5 64. Kg5 h4 65. Kxh4 1/2-1/2